| 000 | 00000nam 2200000zi 4500 |
| 001 | 9.943010 |
| 003 | CaOODSP |
| 005 | 20241104142635 |
| 006 | m o d f |
| 007 | cr |n||||||||| |
| 008 | 240909t19761977oncad o f000 0 fre d |
| 020 | |z0660004631 |
| 040 | |aCaOODSP|bfre|erda|cCaOODSP |
| 043 | |an-cn--- |
| 086 | 1 |aZ1-1975/1-41-9F-PDF|zZ1-1975/1-41-9F |
| 100 | 1 |aMars, Patrick J., |eauteur. |
| 245 | 13|aLa Société Noranda Mines Limited : |bune analyse de sa structure corporative / |cPatrick J. Mars. |
| 264 | 1|a[Ottawa] : |bApprovisionnements et services Canada, |cjanvier 1976. |
| 264 | 4|c©1977 |
| 300 | |a1 ressource en ligne (x, 144 pages) : |bgrap., illustrations. |
| 336 | |atexte|btxt|2rdacontent/fre |
| 337 | |ainformatique|bc|2rdamedia/fre |
| 338 | |aressource en ligne|bcr|2rdacarrier/fre |
| 490 | 1 |aÉtude - Commission royale d'enquête sur les groupements de sociétés ; |vno. 9 |
| 500 | |aPublié aussi en anglais sous le titre : Noranda Mines Limited : a corporate background report. |
| 500 | |aÉdition numérisée de l'imprimée [par Direction des publications du Gouvernement du Canada]. |
| 610 | 20|aNoranda Mines Limited. |
| 650 | 6|aConglomérats (Économie politique)|zCanada. |
| 710 | 1 |aCanada. |bCommission royale d'enquête sur les groupements de sociétés, |eorganisme de publication. |
| 775 | 08|tNoranda Mines Limited : |w(CaOODSP)9.894276 |
| 830 | #0|aÉtude / Commission royale d'enquête sur les groupements de sociétés ;|vno. 9. |w(CaOODSP)9.942876 |
| 856 | 40|qPDF|s6973 Ko|uhttps://publications.gc.ca/collections/collection_2024/bcp-pco/Z1-1975-1-41-9-fra.pdf |